Football Teams by Stadium Name #7 HARD - Statistics

General Stats
  • This quiz has been taken 22 times
  • The average score is 3 of 12
Answer Stats
Stadium Football Club(s) % Correct
Loftus Road QPR
76%
Riverside Stadium Middlesbrough FC
67%
Al-Awwal Park (King Saud University Stadium) Al Nassr
48%
Soldier Field Chicago Fire
48%
Rudolf-Harbig-Stadion Dynamo Dresden
29%
Unipol Domus Cagliari Calcio
14%
MorumBIS FC São Paulo
14%
Estadio Libertadores de América Independiente
14%
Estadio Monumental David Arellano Colo Colo
10%
Stade des Alpes Grenoble Foot
10%
Estadio de Ipurua SD Eibar
10%
Papara Park Trabzonspor
5%
No matching quizzes found
Score Distribution
Percent of People with Each Score
Percentile by Number Answered
Your Score History
You have not taken this quiz